Exploring Differences in Financial Literacy Across Countries: The Role of Individual Characteristics and Institutions
Skúmanie mikrodát z prieskumu OECD/INFE o finančnej gramotnosti dospelých osôb. Rozdiely vo finančnej gramotnosti medzi krajinami. Finančná gramotnosť a jej spájanie s rôznymi politikami. Nevysvetliteľné medzery vo finančnej gramotnosti a úloha inštitúcií. Význam skúseností pre finančnú gramotnosť.
Gespeichert in:
| 1. Verfasser: | |
|---|---|
| Weitere Verfasser: | , , |
| Format: | Buchkapitel |
| Sprache: | Englisch |
| Schlagworte: | |
| Tags: |
Keine Tags, Fügen Sie das erste Tag hinzu!
|
MARC
| LEADER | 00000naa a2200000 4500 | ||
|---|---|---|---|
| 001 | 0278621 | ||
| 005 | 20250318082350.2 | ||
| 041 | 0 | |a eng | |
| 044 | |a NL | ||
| 245 | 1 | 0 | |a Exploring Differences in Financial Literacy Across Countries: The Role of Individual Characteristics and Institutions |c Andrej Cupak, Pirmin Fessler, Maria Silgoner, Elisabeth Ulbrich |
| 520 | |a Skúmanie mikrodát z prieskumu OECD/INFE o finančnej gramotnosti dospelých osôb. Rozdiely vo finančnej gramotnosti medzi krajinami. Finančná gramotnosť a jej spájanie s rôznymi politikami. Nevysvetliteľné medzery vo finančnej gramotnosti a úloha inštitúcií. Význam skúseností pre finančnú gramotnosť. | ||
| 610 | 2 | 0 | |a gramotnosť finančná |
| 610 | 2 | 0 | |a inštitúcia |
| 610 | 2 | 0 | |a financie osobné |
| 100 | 1 | |a Cupak, Andrej, 1988- | |
| 700 | 1 | |a Fessler, Pirmin | |
| 700 | 1 | |a Silgoner, Maria | |
| 700 | 1 | |a Ulbrich, Elisabeth | |